Evaluación inicial de riesgos laborales por puestos de trabajo de los pabellones 10 y 11, edificio de Rectoría, Biblioteca y Postgrado ubicados en el Recinto Universitario Simón Bolívar
Presenta evaluación de riesgos laborales a los que están expuestos los trabajadores del pabellón 10 y 11 edificio de Rectoría, Biblioteca y Postgrado ubicados en el Recinto Universitario Simón Bolívar en el cual se identificaron los riesgos de las áreas y la elaboración de la matriz de riesg...
| Main Authors: | , , |
|---|---|
| Other Authors: | |
| Format: | Tesis Section = Libro |
| Language: | Undetermined Spanish |
| Published: |
Managua
UNI
2018
|
| Subjects: |
| LEADER | 01358nam a2200277Ia 4500 | ||
|---|---|---|---|
| 008 | 240830s9999 xx 000 0 und d | ||
| 040 | |a BIBLIOTECA-RUPAP Mon 363.11 G938 | ||
| 041 | |a spa | ||
| 082 | |a Mon 363.11 G938 | ||
| 100 | 1 | |a Guevara Sánchez, Betzabeth del Rosario | |
| 100 | 1 | |b Lanuza Alvarado, Jorge Luis | |
| 100 | 1 | |c Brenes Arroliga,Michael David | |
| 245 | 1 | 0 | |a Evaluación inicial de riesgos laborales por puestos de trabajo de los pabellones 10 y 11, edificio de Rectoría, Biblioteca y Postgrado ubicados en el Recinto Universitario Simón Bolívar |
| 260 | |a Managua |b UNI |c 2018 | ||
| 300 | |a 387 p. :il. | ||
| 500 | |a Contiene anexos y CD | ||
| 502 | |a Tesis (Ingeniero Industrial)- UNI, 2018. | ||
| 520 | 3 | |a Presenta evaluación de riesgos laborales a los que están expuestos los trabajadores del pabellón 10 y 11 edificio de Rectoría, Biblioteca y Postgrado ubicados en el Recinto Universitario Simón Bolívar en el cual se identificaron los riesgos de las áreas y la elaboración de la matriz de riesgo correspondiente a las áreas y puestos de trabajo. | |
| 650 | 7 | |a EVALUACION DE RIESGOS | |
| 650 | 7 | |b EVALUACION DE HIGIENE OCUPACIONAL | |
| 650 | 7 | |c PREVENCION DE RIESGOS | |
| 650 | 7 | |d MAPA DE RIESGOS | |
| 700 | 1 | |a Tutor: |b Silvestri Jirón, Pietro Marcelo | |
| 942 | |c BK |2 ddc | ||
| 991 | |a TESIS | ||
| 999 | |c 15450 | ||